Proměny kvalifikace a odborného vzdělání
Prechod k vyššej priemyselnej revolúcie a nevyhnutnosť vysokej kvalifikácie pracovných síl. Premeny pracovného trhu a kvalifikácie. Prepojenie odvetvovej a profesnej štruktúry pracovných síl. Vybrané ohrozené profesie. Štruktúra zamestnanosti v ČR. Prepojenie pracovného trhu so vzdelávaním odborníko...
Salvato in:
| Autore principale: | |
|---|---|
| Natura: | Capitolo di libro |
| Lingua: | ceco |
| Soggetti: | |
| Tags: |
Nessun Tag, puoi essere il primo ad aggiungerne!!
|
MARC
| LEADER | 00000nla a2200000 4500 | ||
|---|---|---|---|
| 001 | 0237234 | ||
| 005 | 20240417075129.1 | ||
| 041 | 0 | |a cze | |
| 044 | |a CZ | ||
| 245 | 1 | 0 | |a Proměny kvalifikace a odborného vzdělání |c Ondřej Asztalos |
| 520 | |a Prechod k vyššej priemyselnej revolúcie a nevyhnutnosť vysokej kvalifikácie pracovných síl. Premeny pracovného trhu a kvalifikácie. Prepojenie odvetvovej a profesnej štruktúry pracovných síl. Vybrané ohrozené profesie. Štruktúra zamestnanosti v ČR. Prepojenie pracovného trhu so vzdelávaním odborníkov. České odborné školstvo. Rámcové vzdelávacie programy v ČR. | ||
| 610 | 2 | 0 | |a vzdelávanie |
| 610 | 2 | 0 | |a školy stredné odborné |
| 610 | 2 | 0 | |a kvalifikácia |
| 610 | 2 | 0 | |a trh práce |
| 610 | 2 | 0 | |a povolania |
| 610 | 2 | 0 | |a sily pracovné |
| 610 | 2 | 0 | |a digitalizácia |
| 610 | 2 | 0 | |a robotizácia |
| 610 | 2 | 0 | |a Česko |
| 100 | 1 | |a Asztalos, Ondřej | |